000 00193nam a22000857a 4500
040 _cSCME
100 _aSCME-D240
_991453
245 _aPoverty alleviation in contemporary china
942 _2ddc
_cBK
999 _c589574
_d589574